00365nam a22001217a 4500020001800000082001800018100003000036245006200066260004100128300002900169526003700198650000800235 a0-309-02164-2 a625.8bNATcD aNational Research Council aPerformance of composite pavemetn, overlays and shoulders aThe World BankbWashington D.Cc1973 av, 53 p. :bill. :c6 Cm a0b0c0d625_800000000000000_NAT aMCE